| 000 | 00875nam a2200229Ia 4500 | ||
|---|---|---|---|
| 999 |
_c39599 _d39599 |
||
| 001 | 6199 | ||
| 003 | GE_BSU | ||
| 005 | 20190507121235.0 | ||
| 008 | 181216s1967||||ge |||||||||||||| ||geo|| | ||
| 040 | _cGE_BSU | ||
| 041 | _ageo | ||
| 080 | _a697(075.8) დ-23 | ||
| 100 |
_aდარჩია, გ. _9667 |
||
| 245 |
_aგათბობა და ვენტილაცია ნაწ.1 გათბობა : _bსახელმძღვ. / _cგ. დარჩია ; რედ. ი.გოგუაძე. |
||
| 260 | _aთბ. | ||
| 260 | _bგანათლება. | ||
| 260 | _c1967. | ||
| 300 |
_a378 გვ. : _bილ. ; _c27 სმ. _eდანართები : გვ.351-374. |
||
| 653 | _aგათბობა და ვენტილაცია | ||
| 700 |
_aგოგუაძე, ი. _eრედაქტორი _9498 |
||
| 942 |
_cBK _2udc |
||